LIBRARY & INFORMATION CENTRE, KCAET, TAVANUR

ONLINE PUBLIC ACCESS CATALOGUE (OPAC)

Sewage Disposal and Air Pollution Engineering / (Record no. 2780)

MARC details
000 -LEADER
fixed length control field 00387cam a2200145ua 4500
020 ## - INTERNATIONAL STANDARD BOOK NUMBER
ISBN 9788174092304
082 ## - DEWEY DECIMAL CLASSIFICATION NUMBER
Classification number 628.3
Item number GAR/SE
100 ## - MAIN ENTRY--AUTHOR NAME
Personal name Garg, Santosh Kumar
245 ## - TITLE STATEMENT
Title Sewage Disposal and Air Pollution Engineering /
250 ## - EDITION STATEMENT
Edition statement 8/25
260 ## - PUBLICATION, DISTRIBUTION, ETC. (IMPRINT)
Place of publication New Delhi :
Name of publisher Khanna publishers ,
Year of publication 2013
300 ## - PHYSICAL DESCRIPTION
Number of Pages 1051
500 ## - GENERAL NOTE
General note Environmental engineering, Vol.II
942 ## - ADDED ENTRY ELEMENTS (KOHA)
Koha item type Books
Holdings
Withdrawn status Lost status Damaged status Home library Current library Date acquired Full call number Accession Number Koha item type Collection code Shelving location Source of acquisition Cost, normal purchase price
      KAUAET KAUAET 07/04/2012 628.3 18530 Books        
      KAUAET KAUAET 30/03/2013 628.3 GAR/SE 24108 Books   General Stacks Aman Book Stall, Calicut 295.00
free website counter